Middle Ages True or False - Statistics

General Stats
  • This quiz has been taken 1,014 times
    530 since last reset
  • The average score is 10 of 14
Answer Stats
Question Answer % Correct
Several Italian cities, including Venice and Genoa, were republics for centuries True
87%
Richard Lionheart led a Crusade True
85%
Notre dame de Paris was erected during the Middle Ages True
80%
Avignon in Southern France served as the seat of several Popes True
79%
Charlemagne ruled over a small territory around the city of Paris False
76%
The word "Dark Ages" refers to the decades following the Black Death epidemic (1347-). False
75%
In the year 1300, fewer than 100 000 people lived in all of Europe False
75%
Antiquity ended when the Mongols sacked Rome and overthrew the Emperor False
71%
Constantinople was held by Muslims throughout most of the Middle Ages. False
68%
The Hanseatic league was a Northern European trade confederation True
68%
Throughout the Middle Ages, the Catholic Church regularly staged elaborate witch-hunts, which only stopped after the rise of Protestantism False
59%
Windmills were invented during the Middle Ages True
59%
Before Columbus' voyage across the Atlantic, scholarly consensus held that the Earth was flat False
51%
Much of Germany was christianized by missionaries from the British Isles True
39%
No matching quizzes found
Score Distribution
Percent of People with Each Score
Percentile by Number Answered
Your Score History
You have not taken this quiz since the last reset